Normal view MARC view
  • Ammar ul Mulk | Muhammad Omer Javed | Muhammad Ali

Entry Personal Name

Number of records used in: 3

001 - CONTROL NUMBER

  • control field: 5411

003 - CONTROL NUMBER IDENTIFIER

  • control field: NUST

005 - DATE AND TIME OF LATEST TRANSACTION

  • control field: 20171012171003.0

008 - FIXED-LENGTH DATA ELEMENTS

  • fixed length control field: 171012|| aca||aabn | a|a d

040 ## - CATALOGING SOURCE

  • Original cataloging agency: NUST
  • Transcribing agency: NUST

100 ## - HEADING--PERSONAL NAME

  • Personal name: Ammar ul Mulk | Muhammad Omer Javed | Muhammad Ali

670 ## - SOURCE DATA FOUND

  • Source citation: Work cat.: (NUST): Ammar ul Mulk | Muhammad Omer Javed | Muhammad Ali, Road traffic estimation and vehicle identification, 2017
© 2023 Central Library, National University of Sciences and Technology. All Rights Reserved.